Statistiche per Quiz sui 10 Paesi più popolosi

Clicka qui per fare il quiz!

Statistiche generali

  • Questo quiz è stato fatto 63 volte
  • Il punteggio medio è 65 su 100

Statistiche sulle risposte

DomandaCasellaSelect% Corretto
Quali dei 10 Paesi più popolosi sono attraversati da più di un fuso orario?BangladeshNo
92%
Quali dei 10 Paesi più popolosi sono attraversati da più di un fuso orario?NigeriaNo
92%
Quali dei 10 Paesi più popolosi sono attraversati da più di un fuso orario?PakistanNo
90%
Quali tra i 10 Paesi più popolosi rientrano anche tra i 10 Paesi più estesi?PakistanNo
90%
Nelle bandiere di quali tra i 10 Paesi più popolosi si trova il colore bianco?BangladeshNo
88%
Quali tra i 10 Paesi più popolosi rientrano anche tra i 10 Paesi più estesi?BangladeshNo
88%
Le capitali di quali tra i 10 Paesi più popolosi si trovano più a Nord di Dubai?BrasileNo
88%
Le capitali di quali tra i 10 Paesi più popolosi si trovano più a Nord di Dubai?NigeriaNo
88%
Quali tra i 10 Paesi più popolosi hanno un Indice di Sviluppo Umano superiore a 0,700?PakistanNo
88%
Quali tra i 10 Paesi più popolosi sono stati parte dell'Impero Britannico?RussiaNo
88%
Quali tra i 10 Paesi più popolosi sono stati parte dell'Impero Britannico?BrasileNo
87%
Le capitali di quali tra i 10 Paesi più popolosi si trovano più a Nord di Dubai?IndonesiaNo
87%
Quali tra i 10 Paesi più popolosi hanno un Indice di Sviluppo Umano superiore a 0,700?BangladeshNo
85%
In quali tra i 10 Paesi più popolosi si trovano delle città appartenenti alla classifica delle 10 metropoli più popolose?Cina
85%
In quali dei 10 Paesi più popolosi la maggioranza parla una lingua indoeuropea?CinaNo
85%
Nelle bandiere di quali tra i 10 Paesi più popolosi si trova il colore bianco?CinaNo
85%
Quali tra i 10 Paesi più popolosi sono stati parte dell'Impero Britannico?MessicoNo
85%
Quali tra i 10 Paesi più popolosi hanno una totale lunghezza dei confini terrestri maggiore di quella del Canada?BangladeshNo
83%
Se volessi viaggiare da Lisbona a Seul attraversando il minor numero di Paesi possibile, per quali dei 10 Paesi più popolosi dovrei certamente transitare?NigeriaNo
83%
Se volessi viaggiare da Lisbona a Seul attraversando il minor numero di Paesi possibile, per quali dei 10 Paesi più popolosi dovrei certamente transitare?BrasileNo
81%
Quali tra i 10 Paesi più popolosi rientrano anche tra i 10 Paesi più estesi?Cina
81%
Quali tra i 10 Paesi più popolosi hanno una totale lunghezza dei confini terrestri maggiore di quella del Canada?NigeriaNo
81%
Quali tra i 10 Paesi più popolosi rientrano anche tra i 10 Paesi più estesi?NigeriaNo
81%
Quali tra i 10 Paesi più popolosi hanno una totale lunghezza dei confini terrestri maggiore di quella del Canada?PakistanNo
81%
Quali dei 10 Paesi più popolosi sono attraversati da più di un fuso orario?Russia
81%
Quali tra i 10 Paesi più popolosi sono stati parte dell'Impero Britannico?CinaNo
79%
In quali tra i 10 Paesi più popolosi si trovano delle città appartenenti alla classifica delle 10 metropoli più popolose?IndonesiaNo
79%
Se volessi viaggiare da Lisbona a Seul attraversando il minor numero di Paesi possibile, per quali dei 10 Paesi più popolosi dovrei certamente transitare?IndonesiaNo
79%
Quali tra i 10 Paesi più popolosi hanno un Indice di Sviluppo Umano superiore a 0,700?NigeriaNo
79%
Le capitali di quali tra i 10 Paesi più popolosi si trovano più a Nord di Dubai?Russia
79%
Quali tra i 10 Paesi più popolosi rientrano anche tra i 10 Paesi più estesi?Stati Uniti
79%
Quali tra i 10 Paesi più popolosi hanno una totale lunghezza dei confini terrestri maggiore di quella del Canada?IndonesiaNo
77%
Quali tra i 10 Paesi più popolosi hanno una totale lunghezza dei confini terrestri maggiore di quella del Canada?MessicoNo
77%
Se volessi viaggiare da Lisbona a Seul attraversando il minor numero di Paesi possibile, per quali dei 10 Paesi più popolosi dovrei certamente transitare?MessicoNo
77%
Nelle bandiere di quali tra i 10 Paesi più popolosi si trova il colore bianco?Russia
77%
Le capitali di quali tra i 10 Paesi più popolosi si trovano più a Nord di Dubai?Stati Uniti
77%
Quali tra i 10 Paesi più popolosi rientrano anche tra i 10 Paesi più estesi?Russia
75%
In quali tra i 10 Paesi più popolosi si trovano delle città appartenenti alla classifica delle 10 metropoli più popolose?BangladeshNo
73%
Quali tra i 10 Paesi più popolosi rientrano anche tra i 10 Paesi più estesi?Brasile
73%
In quali tra i 10 Paesi più popolosi si trovano delle città appartenenti alla classifica delle 10 metropoli più popolose?India
73%
Quali tra i 10 Paesi più popolosi sono stati parte dell'Impero Britannico?IndonesiaNo
73%
Nelle bandiere di quali tra i 10 Paesi più popolosi si trova il colore bianco?Stati Uniti
73%
Quali dei 10 Paesi più popolosi sono attraversati da più di un fuso orario?Stati Uniti
73%
Quali dei 10 Paesi più popolosi sono attraversati da più di un fuso orario?IndiaNo
71%
Quali tra i 10 Paesi più popolosi sono stati parte dell'Impero Britannico?India
71%
Le capitali di quali tra i 10 Paesi più popolosi si trovano più a Nord di Dubai?Cina
69%
Quali tra i 10 Paesi più popolosi rientrano anche tra i 10 Paesi più estesi?IndonesiaNo
69%
Quali tra i 10 Paesi più popolosi hanno una totale lunghezza dei confini terrestri maggiore di quella del Canada?Russia
69%
Quali tra i 10 Paesi più popolosi hanno un Indice di Sviluppo Umano superiore a 0,700?Stati Uniti
69%
Nelle bandiere di quali tra i 10 Paesi più popolosi si trova il colore bianco?BrasileNo
67%
Quali tra i 10 Paesi più popolosi hanno un Indice di Sviluppo Umano superiore a 0,700?Cina
67%
In quali dei 10 Paesi più popolosi la maggioranza parla una lingua indoeuropea?IndonesiaNo
67%
In quali tra i 10 Paesi più popolosi si trovano delle città appartenenti alla classifica delle 10 metropoli più popolose?RussiaNo
67%
Se volessi viaggiare da Lisbona a Seul attraversando il minor numero di Paesi possibile, per quali dei 10 Paesi più popolosi dovrei certamente transitare?Stati UnitiNo
67%
Se volessi viaggiare da Lisbona a Seul attraversando il minor numero di Paesi possibile, per quali dei 10 Paesi più popolosi dovrei certamente transitare?BangladeshNo
65%
Quali tra i 10 Paesi più popolosi hanno una totale lunghezza dei confini terrestri maggiore di quella del Canada?Cina
65%
Nelle bandiere di quali tra i 10 Paesi più popolosi si trova il colore bianco?Messico
65%
Quali tra i 10 Paesi più popolosi rientrano anche tra i 10 Paesi più estesi?India
63%
Nelle bandiere di quali tra i 10 Paesi più popolosi si trova il colore bianco?India
63%
Nelle bandiere di quali tra i 10 Paesi più popolosi si trova il colore bianco?Indonesia
63%
Le capitali di quali tra i 10 Paesi più popolosi si trovano più a Nord di Dubai?BangladeshNo
62%
Quali tra i 10 Paesi più popolosi hanno un Indice di Sviluppo Umano superiore a 0,700?IndiaNo
62%
Le capitali di quali tra i 10 Paesi più popolosi si trovano più a Nord di Dubai?MessicoNo
62%
In quali tra i 10 Paesi più popolosi si trovano delle città appartenenti alla classifica delle 10 metropoli più popolose?MessicoNo
62%
Nelle bandiere di quali tra i 10 Paesi più popolosi si trova il colore bianco?Nigeria
62%
Se volessi viaggiare da Lisbona a Seul attraversando il minor numero di Paesi possibile, per quali dei 10 Paesi più popolosi dovrei certamente transitare?PakistanNo
62%
Quali tra i 10 Paesi più popolosi sono stati parte dell'Impero Britannico?Stati Uniti
62%
In quali dei 10 Paesi più popolosi la maggioranza parla una lingua indoeuropea?Messico
60%
Le capitali di quali tra i 10 Paesi più popolosi si trovano più a Nord di Dubai?Pakistan
60%
Quali tra i 10 Paesi più popolosi sono stati parte dell'Impero Britannico?Bangladesh
58%
Quali tra i 10 Paesi più popolosi rientrano anche tra i 10 Paesi più estesi?MessicoNo
58%
In quali dei 10 Paesi più popolosi la maggioranza parla una lingua indoeuropea?Stati Uniti
58%
Se volessi viaggiare da Lisbona a Seul attraversando il minor numero di Paesi possibile, per quali dei 10 Paesi più popolosi dovrei certamente transitare?IndiaNo
56%
Quali tra i 10 Paesi più popolosi sono stati parte dell'Impero Britannico?Pakistan
56%
Quali dei 10 Paesi più popolosi sono attraversati da più di un fuso orario?Brasile
54%
In quali dei 10 Paesi più popolosi la maggioranza parla una lingua indoeuropea?Brasile
54%
Nelle bandiere di quali tra i 10 Paesi più popolosi si trova il colore bianco?Pakistan
52%
Quali tra i 10 Paesi più popolosi hanno una totale lunghezza dei confini terrestri maggiore di quella del Canada?Stati Uniti
52%
In quali tra i 10 Paesi più popolosi si trovano delle città appartenenti alla classifica delle 10 metropoli più popolose?BrasileNo
50%
In quali dei 10 Paesi più popolosi la maggioranza parla una lingua indoeuropea?India
50%
Se volessi viaggiare da Lisbona a Seul attraversando il minor numero di Paesi possibile, per quali dei 10 Paesi più popolosi dovrei certamente transitare?Russia
48%
Se volessi viaggiare da Lisbona a Seul attraversando il minor numero di Paesi possibile, per quali dei 10 Paesi più popolosi dovrei certamente transitare?CinaNo
46%
Quali tra i 10 Paesi più popolosi hanno un Indice di Sviluppo Umano superiore a 0,700?Brasile
44%
Quali dei 10 Paesi più popolosi sono attraversati da più di un fuso orario?Indonesia
44%
Quali tra i 10 Paesi più popolosi hanno una totale lunghezza dei confini terrestri maggiore di quella del Canada?Brasile
42%
Quali tra i 10 Paesi più popolosi sono stati parte dell'Impero Britannico?Nigeria
42%
In quali dei 10 Paesi più popolosi la maggioranza parla una lingua indoeuropea?Russia
42%
Quali tra i 10 Paesi più popolosi hanno un Indice di Sviluppo Umano superiore a 0,700?Russia
40%
Quali dei 10 Paesi più popolosi sono attraversati da più di un fuso orario?CinaNo
38%
Quali tra i 10 Paesi più popolosi hanno un Indice di Sviluppo Umano superiore a 0,700?Messico
38%
In quali tra i 10 Paesi più popolosi si trovano delle città appartenenti alla classifica delle 10 metropoli più popolose?Stati UnitiNo
35%
Le capitali di quali tra i 10 Paesi più popolosi si trovano più a Nord di Dubai?India
33%
Quali dei 10 Paesi più popolosi sono attraversati da più di un fuso orario?Messico
31%
In quali tra i 10 Paesi più popolosi si trovano delle città appartenenti alla classifica delle 10 metropoli più popolose?Nigeria
29%
In quali dei 10 Paesi più popolosi la maggioranza parla una lingua indoeuropea?Pakistan
23%
In quali dei 10 Paesi più popolosi la maggioranza parla una lingua indoeuropea?Bangladesh
21%
Quali tra i 10 Paesi più popolosi hanno un Indice di Sviluppo Umano superiore a 0,700?Indonesia
21%
In quali tra i 10 Paesi più popolosi si trovano delle città appartenenti alla classifica delle 10 metropoli più popolose?Pakistan
21%
In quali dei 10 Paesi più popolosi la maggioranza parla una lingua indoeuropea?Nigeria
19%
Quali tra i 10 Paesi più popolosi hanno una totale lunghezza dei confini terrestri maggiore di quella del Canada?India
15%

Distribuzione punteggi

Percentile per numero di risposta

Percentuale di utenti per punteggio

I tuoi punteggi nel tempo

Non hai fatto questo quiz